Welcome to CU Library Online Public Access Catalogue (OPAC)

Privatization : (Record no. 5134)

MARC details
000 -LEADER
fixed length control field 00785pam a2200241 a 4500
001 - CONTROL NUMBER
control field 3854370
005 - DATE AND TIME OF LATEST TRANSACTION
control field 20250324120238.0
008 - FIXED-LENGTH DATA ELEMENTS--GENERAL INFORMATION
fixed length control field 880112s1988 maua b 001 0 eng
020 ## - INTERNATIONAL STANDARD BOOK NUMBER
International Standard Book Number 0262220334
020 ## - INTERNATIONAL STANDARD BOOK NUMBER
International Standard Book Number 0262720116 (pbk.)
050 00 - LIBRARY OF CONGRESS CALL NUMBER
Classification number HD4145
Item number .V53 1988
082 00 - DEWEY DECIMAL CLASSIFICATION NUMBER
Classification number 338.941
Edition information 19
100 1# - MAIN ENTRY--PERSONAL NAME
Personal name Vickers, John,
Dates associated with a name 1958-
245 10 - TITLE STATEMENT
Title Privatization :
Remainder of title an economic analysis /
Statement of responsibility, etc. John Vickers and George Yarrow.
260 ## - PUBLICATION, DISTRIBUTION, ETC.
Place of publication, distribution, etc. Cambridge, Mass. :
Name of publisher, distributor, etc. MIT Press,
Date of publication, distribution, etc. c1988.
300 ## - PHYSICAL DESCRIPTION
Extent xii, 454 p. :
Other physical details ill. ;
Dimensions 24 cm.
440 #0 - SERIES STATEMENT/ADDED ENTRY--TITLE
Title MIT Press series on the regulation of economic activity ;
Volume/sequential designation 18
500 ## - GENERAL NOTE
General note Includes indexes.
650 #0 - SUBJECT ADDED ENTRY--TOPICAL TERM
Topical term or geographic name entry element Privatization
Geographic subdivision Great Britain.
650 #0 - SUBJECT ADDED ENTRY--TOPICAL TERM
Topical term or geographic name entry element Privatization
Geographic subdivision Great Britain
General subdivision Case studies.
700 1# - ADDED ENTRY--PERSONAL NAME
Personal name Yarrow, George K.
942 ## - ADDED ENTRY ELEMENTS (KOHA)
Source of classification or shelving scheme Library of Congress Classification
Koha item type Books
Suppress in OPAC No
999 ## -
-- 5134
-- 5134
Holdings
Withdrawn status Lost status Source of classification or shelving scheme Damaged status Not for loan Collection Home library Current library Shelving location Date acquired Total checkouts Full call number Barcode Date last seen Copy number Price effective from Koha item type
    Library of Congress Classification     Non-fiction Undergraduate Library (Christ Temple) Undergraduate Library (Christ Temple) General stacks 03/24/2025   HD4145 VIC ulct00001927 03/24/2025 1 03/24/2025 Books
© 2023-2024 Copyright: Central University Libraries. All Rights Reserved | Created by: Mahone Tech Office